Podnikanie
Salvato in:
| Autore principale: | |
|---|---|
| Ente Autore: | |
| Altri autori: | , , , , , |
| Natura: | Libro |
| Lingua: | slovacco |
| Pubblicazione: |
Bratislava
Vydavateľstvo EKONÓM
2025
|
| Edizione: | 1. vydanie |
| Soggetti: | |
| Tags: |
Nessun Tag, puoi essere il primo ad aggiungerne!!
|
MARC
| LEADER | 00000nam a2200000 4500 | ||
|---|---|---|---|
| 001 | 0313994 | ||
| 005 | 20260304104209.8 | ||
| 020 | |a 978-80-225-5282-0 | ||
| 041 | 0 | |a slo | |
| 044 | |a SK | ||
| 245 | 1 | 0 | |a Podnikanie |c Monika Naďová Krošláková a kolektív ; recenzovali: Anna Šenková, Naděžda Petrů |
| 250 | |a 1. vydanie | ||
| 264 | 1 | |a Bratislava |b Vydavateľstvo EKONÓM |c 2025 | |
| 300 | |a 210 s. [12,166 AH] | ||
| 610 | 2 | 0 | |a podnik |
| 610 | 2 | 0 | |a štruktúra kapitálová |
| 610 | 2 | 0 | |a financie podnikové |
| 610 | 2 | 0 | |a majetok podnikový |
| 610 | 2 | 0 | |a majetok neobežný |
| 610 | 2 | 0 | |a majetok obežný |
| 610 | 2 | 0 | |a výnosy |
| 610 | 2 | 0 | |a náklady |
| 610 | 2 | 0 | |a príjmy |
| 610 | 2 | 0 | |a výdavky |
| 610 | 2 | 0 | |a výsledok hospodársky |
| 610 | 2 | 0 | |a kalkulácia |
| 610 | 2 | 0 | |a analýza nákladov |
| 610 | 2 | 0 | |a sily pracovné |
| 610 | 2 | 0 | |a plán podnikateľský |
| 610 | 2 | 0 | |a analýza finančná |
| 610 | 2 | 0 | |a dane |
| 610 | 2 | 0 | |a politika daňová |
| 610 | 2 | 0 | |a prostredie podnikateľské |
| 610 | 2 | 0 | |a podpora podnikania |
| 610 | 2 | 0 | |a podnik malý |
| 610 | 2 | 0 | |a podnik stredný |
| 100 | 1 | |a Naďová Krošláková, Monika, 1975- | |
| 700 | 1 | |a Mura, Ladislav, 1979- | |
| 700 | 1 | |a Čakanišin, Adrián, 1997- | |
| 700 | 1 | |a Fodranová, Iveta, 1959- | |
| 700 | 1 | |a Veszprémi Sirotková, Anna, 1966- | |
| 700 | 1 | |a Šenková, Anna | |
| 700 | 1 | |a Petrů, Naděžda | |
| 710 | 2 | |a Ekonomická univerzita v Bratislave. Obchodná fakulta | |